Contratación laboral temporal (Registro nro. 158559)
[ vista simple ]
| 000 -LEADER | |
|---|---|
| fixed length control field | 01246ny a22003013n 4500 |
| 008 - FIXED-LENGTH DATA ELEMENTS--GENERAL INFORMATION | |
| fixed length control field | 010903s2000 sp 000 spa c |
| 017 ## - | |
| -- | D.L. M34045-2000 |
| 020 ## - INTERNATIONAL STANDARD BOOK NUMBER | |
| International Standard Book Number | 8471309785 |
| 035 ## - | |
| -- | 1662 |
| 040 ## - CATALOGING SOURCE | |
| Original cataloging agency | UMA.RE |
| Modifying agency | vLex |
| 080 ## - | |
| -- | 331.106(460) |
| 080 ## - | |
| -- | 349.223(460)"403"(094.9.072) |
| 090 ## - | |
| -- | 18 |
| -- | 18 |
| 100 1# - MAIN ENTRY--PERSONAL NAME | |
| Personal name | Alzaga Ruiz, Icíar |
| 245 10 - TITLE STATEMENT | |
| Title | Contratación laboral temporal |
| Medium | [Recurso electrónico] |
| Remainder of title | un estudio jurisprudencial / |
| Statement of responsibility, etc | Icíar Alzaga Ruiz |
| 256 ## - | |
| -- | Servicio en línea |
| 260 ## - PUBLICATION, DISTRIBUTION, ETC. (IMPRINT) | |
| Place of publication, distribution, etc | Madrid: |
| Name of publisher, distributor, etc | Edersa, |
| Date of publication, distribution, etc | cop. 2000 |
| 300 ## - PHYSICAL DESCRIPTION | |
| Extent | 135 p. ; |
| 506 1# - RESTRICTIONS ON ACCESS NOTE | |
| Terms governing access | Contenido solo disponible en los productos indicados |
| Authorized users | vLex Global |
| -- | vLex Global (Academic Edition, excluding Law Schools) |
| -- | vLex Global (U.S. Academic Edition, Law Schools) |
| -- | vLex Global (U.S. Academic Edition, excluding Law Schools) |
| -- | vLex Global (Academic Edition, Law Schools) |
| 650 07 - SUBJECT ADDED ENTRY--TOPICAL TERM | |
| Topical term or geographic name as entry element | Trabajo temporal |
| Source of heading or term | Tesauro vLex |
| 650 07 - SUBJECT ADDED ENTRY--TOPICAL TERM | |
| Source of heading or term | Tesauro vLex |
| Topical term or geographic name as entry element | Laboral |
| 650 07 - SUBJECT ADDED ENTRY--TOPICAL TERM | |
| Source of heading or term | Tesauro vLex |
| Topical term or geographic name as entry element | Contrato temporal |
| 650 07 - SUBJECT ADDED ENTRY--TOPICAL TERM | |
| Source of heading or term | Tesauro vLex |
| Topical term or geographic name as entry element | Contratos especiales de trabajo |
| 740 0# - | |
| -- | vLex Libros (Servicios en línea) |
| 856 40 - LOCALIZACIÓN Y ACCESO ELECTRÓNICO | |
| Identificador Uniforme del Recurso (URI/URL) | https://app.vlex.com/#/sources/contratacion-laboral-temporal-1662 |
| 942 ## - | |
| -- | RAA |
| 999 ## - | |
| -- | 158559 |
| -- | 158559 |
No hay ítems disponibles.